| 000 | 00000nam 2200000zi 4500 |
| 001 | 9.885839 |
| 003 | CaOODSP |
| 005 | 20221107171248 |
| 006 | m o d f |
| 007 | cr |n||||||||| |
| 008 | 200416e20200328onc o f|0| 0 fre d |
| 040 | |aCaOODSP|bfre|erda|cCaOODSP |
| 043 | |an-cn--- |
| 086 | 1 |aHP5-133/19-2020F-PDF |
| 245 | 00|aMaladie à coronavirus (COVID-19). |pQuarantaine obligatoire (auto-isolement obligatoire). |
| 264 | 1|a[Ottawa] : |bAgence de la santé publique du Canada = Public Health Agency of Canada, |c28 mars 2020. |
| 300 | |a1 ressource en ligne (2 pages) |
| 336 | |atexte|btxt|2rdacontent/fre |
| 337 | |ainformatique|bc|2rdamedia/fre |
| 338 | |aressource en ligne|bcr|2rdacarrier/fre |
| 500 | |aPublié aussi en anglais sous le titre : Coronavirus disease (COVID-19). Mandatory quarantine (mandatory self-isolation). |
| 500 | |aPublié aussi en format HTML. |
| 500 | |aTitre de départ. |
| 650 | 6|aCOVID-19|zCanada. |
| 710 | 2 |aAgence de santé publique du Canada. |
| 775 | 08|tCoronavirus disease (COVID-19). |w(CaOODSP)9.894270 |
| 856 | 40|qPDF|s272 Ko|uhttps://publications.gc.ca/collections/collection_2020/aspc-phac/hp5-133/HP5-133-19-2020-fra.pdf|z28 mars 2020 |
| 856 | 4 |qHTML|sS.O.|uhttps://www.canada.ca/fr/sante-publique/services/publications/maladies-et-affections/2019-nouveau-coronavirus-fiche-information.html|zmise à jour de 2020-11-21 |